000
00410nam a22001337a 4500
003
SGT
020
_a
9788175568953
082
_a
920
_b
J20K
100
_a
कुमार, अरविन्द
245
_a
झारखण्ड जनजातीय :जीवन और दर्शन
260
_b
यूनिवर्सिटी पब्लिकेशन
_c
2020
300
_a
246
942
_2
ddc
_c
BK
999
_c
31953
_d
31953